| 000 | 00870 a2200265 4500 | ||
|---|---|---|---|
| 999 |
_c200002407 _d30872 |
||
| 001 | 200002407 | ||
| 003 | TR-AnTOB | ||
| 005 | 20241121111212.0 | ||
| 008 | 130827b tu 000 0 | ||
| 020 | _a9786058894839 | ||
| 040 |
_aTR-AnTOB _cTR-AnTOB |
||
| 041 | _atur | ||
| 050 |
_aDS919.4 _bD35 2010 |
||
| 090 | _aDS919.4 .D35 2010 | ||
| 100 |
_aDenizli, Ali _971533 |
||
| 245 | 0 |
_aKore savaşı belgeler ve harp fotoğrafları albümü _b1 nci, 2 nci, 3 ncü Türk Tugayları (1950-1953): / _cDenizli ,Ali. |
|
| 264 | 1 |
_aAnkara : _bTSK, _c2010. |
|
| 300 |
_a308s. : _bres. ; _c30 cm. |
||
| 650 |
_aKorean War, 1950-1953 _xParticipation, Turkish _971537 |
||
| 650 |
_aKore Savaşı, 1950-1953 _xKatılım, Türk _971535 |
||
| 650 | 7 |
_aKore Savaşı, 1950-1953 _xSeferler _2etuturkob _971534 |
|
| 650 | 0 |
_aKorean War, 1950-1953 _xCampaigns _971536 |
|
| 942 |
_cBK _2lcc |
||